| 000 | 01221ny a22002773n 4500 | ||
|---|---|---|---|
| 005 | 20240305165319.0 | ||
| 008 | 021127s2007 sp 001 0 spa c | ||
| 020 | _a9788484940340 | ||
| 035 | _a1665 | ||
| 040 |
_aSpMaUCDE _dvLex |
||
| 080 | _a336.226.1(460) | ||
| 090 |
_c620 _d620 |
||
| 100 | 1 | _aVicente Arche Coloma, Paula | |
| 245 | 1 | 4 |
_aLos acuerdos previos de valoración en el impuesto sobre la renta de las personas físicas _h[Recurso electrónico] _cPaula Vicente-Arche Coloma |
| 256 | _aServicio en línea | ||
| 260 |
_aMadrid : _bEDERSA, _c2007 |
||
| 300 |
_ap. ; _ccm |
||
| 506 | 1 |
_aContenido solo disponible en los productos indicados _dvLex Global _dvLex Global (Academic Edition, excluding Law Schools) _dvLex Global (U.S. Academic Edition, Law Schools) _dvLex Global (U.S. Academic Edition, excluding Law Schools) _dvLex Global (Academic Edition, Law Schools) |
|
| 650 | 0 | 7 |
_aTributario _2Tesauro vLex |
| 650 | 0 | 7 |
_aImpuesto sobre la renta de las personas _2Tesauro vLex |
| 650 | 0 | 7 |
_aDerecho tributario _2Tesauro vLex |
| 650 | 0 | 7 |
_aImpuesto sobre las rentas de capital _2Tesauro vLex |
| 740 | 0 | _avLex Libros (Servicios en línea) | |
| 856 | 4 | 0 | _uhttps://app.vlex.com/#/sources/1665 |
| 942 | _cRAA | ||
| 999 |
_c159142 _d159142 |
||